Temas regionales y locales de España en la Biblioteca de Menéndez Pelayo (Record no. 179717)

MARC details
000 -LEADER
campo de control de longitud fija 01129nam a2200277 i 4500
001 - NÚMERO DE CONTROL
campo de control 179717
003 - IDENTIFICADOR DE NÚMERO DE CONTROL
campo de control ES-MaACL
005 - FECHA Y HORA DE LA ÚLTIMA TRANSACCIÓN
campo de control 20250813063339.0
008 - DATOS DE LONGITUD FIJA--INFORMACIÓN GENERAL
campo de control de longitud fija 120112s2010 sp acf c |||| | spa d
080 ## - NÚMERO DE LA CLASIFICACIÓN DECIMAL UNIVERSAL
Número de la Clasificación Decimal Universal 017.1(460.13 S.)
080 ## - NÚMERO DE LA CLASIFICACIÓN DECIMAL UNIVERSAL
Número de la Clasificación Decimal Universal 016(460)
100 1# - ENTRADA PRINCIPAL--NOMBRE DE PERSONA
Nombre de persona Fernández Lera, Rosa
9 (RLIN) 145689
245 10 - MENCIÓN DEL TÍTULO
Título Temas regionales y locales de España en la Biblioteca de Menéndez Pelayo
Resto del título : (1850-1912) /
Mención de responsabilidad, etc. Rosa Fernández Lera y Andrés del Rey Sayagués.
260 ## - PUBLICACIÓN, DISTRIBUCIÓN, ETC.
Lugar de publicación, distribución, etc. Santander :
Nombre del editor, distribuidor, etc. Biblioteca de Menéndez Pelayo,
Fecha de publicación, distribución, etc. 2010.
300 ## - DESCRIPCIÓN FÍSICA
Extensión XIII, 423 p., [84] p. de lám. col. y n. ;
Dimensiones 24 cm.
490 1# - MENCIÓN DE SERIE
Mención de serie Publicaciones de la Biblioteca de Menéndez Pelayo ;
Designación de volumen o secuencia 3
500 ## - NOTA GENERAL
Nota general Índices.
610 27 - PUNTO DE ACCESO ADICIONAL DE MATERIA--NOMBRE DE ENTIDAD CORPORATIVA
Nombre de entidad corporativa o nombre de jurisdicción como elemento de entrada Biblioteca Menéndez y Pelayo-
Subdivisión de forma Catálogos.
9 (RLIN) 149030
651 #7 - PUNTO DE ACCESO ADICIONAL DE MATERIA--NOMBRE GEOGRÁFICO
Nombre geográfico España-
Subdivisión de forma Bibliografías.
9 (RLIN) 149031
700 1# - ENTRADA AGREGADA--NOMBRE PERSONAL
Nombre de persona Rey Sayagués, Andrés del.
9 (RLIN) 145690
710 2# - ENTRADA AGREGADA--NOMBRE DE ENTIDAD CORPORATIVA
Nombre de entidad corporativa o nombre de jurisdicción como elemento de entrada Biblioteca Menéndez y Pelayo.
9 (RLIN) 149029
830 0# - PUNTO DE ACCESO ADICIONAL DE SERIE-TÍTULO UNIFORME
Título uniforme Publicaciones de la Biblioteca de Menéndez Pelayo
Designación de volumen o secuencia 3
9 (RLIN) 191126
852 ## - LOCALIZACIÓN
Ubicación ES-MaACL
Número de control de estantería A-11857
itemnumber 186616
Sublocalización o colección R.146944
Ubicación en estantería Depósito 1
Signatura antigua Olim: N-4862
942 ## - ELEMENTOS DE ENTRADA SECUNDARIOS (KOHA)
Fuente del sistema de clasificación o colocación Clasificación decimal universal
Tipo de ítem Koha Libro impreso
Holdings
Estatus retirado Estado de pérdida Fuente del sistema de clasificación o colocación Estado de daño No para préstamo Biblioteca de origen Biblioteca actual Ubicación en estantería Fecha de adquisición Fuente de adquisición Total de préstamos Signatura topográfica completa Código de barras Visto por última vez Precio de reemplazo Tipo de ítem Koha
    Clasificación decimal universal     Biblioteca del Ateneo de Madrid Biblioteca del Ateneo de Madrid Depósito 1 12/01/2012 Donación   A-11857 1188796 23/02/2023 23/02/2023 Libro impreso